| 000 | 00749nam a2200265 a 4500 | ||
|---|---|---|---|
| 008 | |||
| 020 | _a9780470900598 (pbk.) | ||
| 049 | _aMAIN | ||
| 090 |
_aQR389 _bACH |
||
| 100 | 1 | _aAcheson, Nicholas H | |
| 245 | 1 | 0 |
_aFundamentals of virology / _cNicholas H. Acheson. |
| 260 |
_aNew Jersey : _bJohn Wiley & Sons, _c2011. |
||
| 300 | _a2nd ed. | ||
| 504 | _aIncludes bibliographical references. | ||
| 500 | _aIncludes index. | ||
| 650 | _aViruses. | ||
| 650 | _aVirus-genetics. | ||
| 650 | _aVirus Physiological Phenomena. | ||
| 650 | 1 | _aMolecular virology. | |
| 907 |
_a.b10323946 _b25-10-17 _c06-12-12 |
||
| 003 | |||
| 005 | 20230123122315.0 | ||
| 040 | _cNUST | ||
| 942 |
_cBOOKS _kQR389 _mACH |
||
| 999 |
_c131370 _d131370 |
||